[Event "Baden-chT U16"]
[Site "Karlsruhe/Schoeneck"]
[Date "2001.06.15"]
[Round "3.4"]
[White "Zeitvogel, Samuel"]
[Black "Paximadas, Georg"]
[Result "1/2-1/2"]
[WhiteElo "1349"]
[BlackElo "1152"]
[PlyCount "54"]
[EventDate "2001.06.??"]
[EventType "team"]
[EventRounds "3"]
[EventCountry "GER"]
[SourceTitle "EXT 2003"]
[Source "ChessBase"]
[SourceDate "2002.11.25"]
[SourceVersion "1"]
[SourceVersionDate "2002.11.25"]
[SourceQuality "1"]

1. Nf3 Nc6 2. g3 e5 3. d3 Bc5 4. Bg2 d6 5. 0-0 Nf6 6. h3 h6 7. c3 0-0 8. d4 exd4 9. cxd4 Bb4 10. Bd2 Bxd2 11. Qxd2 Bf5 12. Nc3 Qd7 13. Kh2 d5 14. Rfe1 Rfe8 15. Rac1 Be4 16. e3 Qf5 17. Qd1 Nb4 18. Nh4 Qe6 19. Nxe4 dxe4 20. Bf1 c6 21. Bc4 Qd7 22. Qb3 Nbd5 23. Ng2 b5 24. Be2 Rac8 25. Rc2 a6 26. Rec1 Rc7 27. a4 Rec8 1/2-1/2